Southville International School and Colleges

A Practical Directory for Young Christian Females : (Record no. 247189)

000 -LEADER
fixed length control field 00743cam a22002413a 4500
001 - CONTROL NUMBER
control field 17934
003 - CONTROL NUMBER IDENTIFIER
control field PGUSA
005 - DATE AND TIME OF LATEST TRANSACTION
control field 20140828083400.0
008 - FIXED-LENGTH DATA ELEMENTS--GENERAL INFORMATION
fixed length control field 060306s2006||||xxu|||||s|||||000 | eng d
040 ## - CATALOGING SOURCE
Original cataloging agency PGUSA
Language of cataloging eng
042 ## - AUTHENTICATION CODE
Authentication code dc
050 #4 - LIBRARY OF CONGRESS CALL NUMBER
Classification number HQ
100 1# - MAIN ENTRY--PERSONAL NAME
Personal name Newcomb, Harvey,
Dates associated with a name 1803-1863
245 12 - TITLE STATEMENT
Title A Practical Directory for Young Christian Females :
Remainder of title Being a Series of Letters from a Brother to a Younger Sister
Medium [electronic resource] /
Statement of responsibility, etc Harvey Newcomb
260 ## - PUBLICATION, DISTRIBUTION, ETC. (IMPRINT)
Name of publisher, distributor, etc Project Gutenberg,
Date of publication, distribution, etc 2006
506 ## - RESTRICTIONS ON ACCESS NOTE
Terms governing access Public domain in the USA.
516 ## - TYPE OF COMPUTER FILE OR DATA NOTE
Type of computer file or data note Electronic text
653 ## - INDEX TERM--UNCONTROLLED
Uncontrolled term Young women
653 ## - INDEX TERM--UNCONTROLLED
Uncontrolled term Christian life
830 #0 - SERIES ADDED ENTRY--UNIFORM TITLE
Uniform title Project Gutenberg
Volume number/sequential designation 17934
856 40 - ELECTRONIC LOCATION AND ACCESS
Uniform Resource Identifier http://www.gutenberg.org/ebooks/17934
942 ## - ADDED ENTRY ELEMENTS (KOHA)
Koha item type eBooks
Holdings
Price effective from Withdrawn status Date acquired Date last seen Koha item type Permanent Location Lost status Current Location Damaged status
2014-08-28 2014-08-282014-08-28eBooksProject Gutenberg Project Gutenberg 
Powered by Koha